yoga for you (Record no. 1399329)

MARC details
000 -LEADER
fixed length control field 00667nam a2200277Ia 4500
008 - FIXED-LENGTH DATA ELEMENTS--GENERAL INFORMATION
fixed length control field 160716s9999||||xx |||||||||||||| ||und||
040 ## - CATALOGING SOURCE
Transcribing agency english
082 ## - DEWEY DECIMAL CLASSIFICATION NUMBER
Classification number ix/venkateshwaran
082 ## - DEWEY DECIMAL CLASSIFICATION NUMBER
Item number BORI-92180
100 ## - MAIN ENTRY--PERSONAL NAME
Personal name p. s. venkateswaran
245 ## - TITLE STATEMENT
Title yoga for you
260 ## - PUBLICATION, DISTRIBUTION, ETC. (IMPRINT)
Name of publisher, distributor, etc jaico publishing
300 ## - PHYSICAL DESCRIPTION
Extent 32
300 ## - PHYSICAL DESCRIPTION
Dimensions a
300 ## - PHYSICAL DESCRIPTION
Accompanying material paperback
530 ## - ADDITIONAL PHYSICAL FORM AVAILABLE NOTE
Availability source balkrishna limaye
530 ## - ADDITIONAL PHYSICAL FORM AVAILABLE NOTE
Uniform Resource Identifier <a href="00092156.pdf">00092156.pdf</a>
563 ## - BINDING INFORMATION
Binding note study
600 ## - SUBJECT ADDED ENTRY--PERSONAL NAME
Personal name p. s. venkateswaran
630 ## - SUBJECT ADDED ENTRY--UNIFORM TITLE
Uniform title yoga for you
650 ## - SUBJECT ADDED ENTRY--TOPICAL TERM
Topical term or geographic name as entry element "nyaya, yoga, tantra, vedanta"
650 ## - SUBJECT ADDED ENTRY--TOPICAL TERM
Topical term or geographic name as entry element darshanas
700 ## - ADDED ENTRY--PERSONAL NAME
Personal name p. s. venkateswaran
730 ## - ADDED ENTRY--UNIFORM TITLE
Uniform title yoga for you
942 ## - ADDED ENTRY ELEMENTS (KOHA)
Koha item type Book

No items available.